فلسفة الإبداع الفكري وتنمية الوعي الاجتماعي : (رقم التسجيلة. 146177)

تفاصيل مارك
000 -الفاتح
عناصر البيانات ثابتة الطول 00881cam a2200217 i 4500
005 - تاريخ ووقت آخر معاملة
حقل ضبط 20251108175939.0
008 - عناصر البيانات ثابتة الطول
عناصر البيانات ثابتة الطول 250721s2024 jo gr 000 0 ara d
020 ## - الترقيم الدولي المعياري للكتب (ردمك)
الترقيم الدولي المعياري للكتب (ردمك) 9789957653798
082 14 - رقم تصنيف ديوي العشري
رقم التصنيف 102
رقم المادة د ل ي
100 1# - مدخل رئيسي – اسم شخصي
الاسم الشخصي الدليمي، عامر علي سمير
علاقة الشخص بالعمل/ دوره مؤلف.
245 10 - بيان العنوان
العنوان فلسفة الإبداع الفكري وتنمية الوعي الاجتماعي :
بقية العنوان مختارات فلسفية /
بيان المسؤولية الدكتور عامر علي سمير الدليمي.
250 ## - بيان الطبعة
بيان الطبعة الطبعة الأولى.
264 1# - بيانات النشر، التوزيع…إلخ
مكان النشر، التوزيع...إلخ عمان :
اسم الناشر، الموزع...إلخ دار المعتز للنشر والتوزيع،
تاريخ النشر، التوزيع...إلخ 2024.
300 ## - الوصف المادي
عدد الوحدات المكونة للوعاء 272 صفحة.
650 17 - مدخل إضافي بالموضوع - مصطلح موضوعي
مصطلح موضوعي أو اسم جغرافي كعنصر مدخل الفلسفة الاجتماعية.
650 17 - مدخل إضافي بالموضوع - مصطلح موضوعي
مصطلح موضوعي أو اسم جغرافي كعنصر مدخل المدارس الفلسفية.
650 17 - مدخل إضافي بالموضوع - مصطلح موضوعي
مصطلح موضوعي أو اسم جغرافي كعنصر مدخل الفلسفة المعاصرة.
650 17 - مدخل إضافي بالموضوع - مصطلح موضوعي
مصطلح موضوعي أو اسم جغرافي كعنصر مدخل الإبداع الفكري.
942 ## - بيانات إضافية (كوها)
نوع التنصيف Dewey Decimal Classification
نوع المادة (كوها) كتب
المقتنيات
حالة السحب حالة الفقدان مصدر التصنيف حالة التلف غير قابل للإعارة المكتبة الرئيسية المكتبة الحالية موقع الرف تاريخ التزويد الرقم المتسلسل Total Checkouts رقم الإستدعاء الباركود تاريخ آخر ظهور تاريخ الفاتورة نوع المادة (كوها)
    Dewey Decimal Classification     المكتبة المركزية المكتبة المركزية الإعارة 28/07/2025 1784972   102 / د ل ي PLD00508090 28/07/2025 28/07/2025 كتب
    Dewey Decimal Classification     مكتبة أم قصير والمقابلين العامة مكتبة أم قصير والمقابلين العامة الإعارة 22/02/2024 1784974   102/دلي PLD00508284 28/07/2025 22/02/2024 كتب
    Dewey Decimal Classification     مكتبة حمزة العامة مكتبة حمزة العامة الإعارة 22/02/2024 1784973   102/دلي PLD00508283 28/07/2025 22/02/2024 كتب
Implemented & Customized by: BBB with SCIT (Smart Chains for Information Technology)

Powered by Koha